=LDR 00000nam 2200000 4500 =001 INLIS000000000033972 =005 20130612135908 =008 ***********************************ind** =035 ##$$0010-061300000033972 =041 ##$$a ind =082 ##$$a 574.07 =090 ##$$a 574.07, Hap b =100 ##$$a Hapsoro =245 ##$$a Biologi untuk SMA/MA kls xii semester 2, Hapsoro;Editor, Asih Suroso dkk =260 ##$$a Pustaka manggala. Sl] $b [Sl] =300 ##$$a 80 hlm, Ilus, 28 cm =650 ##$$a Biologi - Studi Dan Pengajaran =700 ##$$a Suroso, Asih dkk =850 ##$$a NBPNMAT